000
00303nam a22001217a 4500
020
_a
9788192173863
082
_a
633.08
_b
PAR/GE
245
_a
Genetically Modified Crops and its Future
260
_a
New Delhi
_b
Bio - Green Books
_c
2012
300
_a
304
700
_a
Parthasarathi M.
_9
1179
942
_c
BK
999
_c
14675
_d
14675